000 00706nam a2200181Ia 4500
008 151202s9999||||xx |||||||||||||| ||und||
082 _bPNVM-45617
100 _aचितळे प्रकाश.
245 _aस्थलांतर एका कारखान्याचे.
260 _b"स्नेहदर्शन पब्लिकेशन,पुणे."
260 _c2004
300 _a426
600 _aचितळे प्रकाश.
630 _aस्थलांतर एका कारखान्याचे.
700 _aचितळे प्रकाश.
730 _aस्थलांतर एका कारखान्याचे.
942 _cBOOK
999 _c1311568
_d1311565